00342nam a2200133Ia 45000030006000000080041000060400015000471000031000622450067000932500010001602600009001705460012001790050017001910STCL150530s9999 xx 000 0 und d aSTCLcSTCL aGhosal, S.N.; Sharma, M.D. aEconomic growth and commercial banking in a developing economy aFirst c1965 aEnglish20220125165532.0